<?xml version="1.0" encoding="UTF-8"?>
<record
    xmlns:xsi="http://www.w3.org/2001/XMLSchema-instance"
    xsi:schemaLocation="http://www.loc.gov/MARC21/slim http://www.loc.gov/standards/marcxml/schema/MARC21slim.xsd"
    xmlns="http://www.loc.gov/MARC21/slim">

  <leader>01840    a2200193   4500</leader>
  <controlfield tag="001">48775</controlfield>
  <controlfield tag="005">20260407155753.0</controlfield>
  <controlfield tag="008">260407a1971    arg                 spa d</controlfield>
  <controlfield tag="003">AR-UNSa-BCEJYS</controlfield>
  <datafield tag="040" ind1=" " ind2=" ">
    <subfield code="a">AR-UNSa-BCEJYS</subfield>
    <subfield code="b">spa</subfield>
    <subfield code="c">AR-UNSa-BCEJYS</subfield>
  </datafield>
  <datafield tag="080" ind1=" " ind2=" ">
    <subfield code="a">94(82):33</subfield>
    <subfield code="x">Historia Econ&#xF3;mica Argentina</subfield>
  </datafield>
  <datafield tag="245" ind1="1" ind2="0">
    <subfield code="a">Historia econ&#xF3;mica de la argentina</subfield>
  </datafield>
  <datafield tag="264" ind1=" " ind2="1">
    <subfield code="a">Buenos Aires :</subfield>
    <subfield code="b">Plus Ultra</subfield>
    <subfield code="c">1971</subfield>
  </datafield>
  <datafield tag="300" ind1=" " ind2=" ">
    <subfield code="a">2v.(345; 367 p.)</subfield>
    <subfield code="c">21 cm.</subfield>
  </datafield>
  <datafield tag="505" ind1=" " ind2=" ">
    <subfield code="a">Vol. I. Primera Parte: LA SITUACI&#xD3;N EUROPEA DURANTE LA PRIMERA MITAD DEL SIGLO XIX: 1. Los hechos y las ideas econ&#xF3;micas europeas y su transcendencia en la Argentina  -- Segunda Parte: EL CICLO DE PREDOMINIO DE LA LANA: 1852-80: 1. Las industrias agropecuarias - 2. La poblaci&#xF3;n y los oficios - 3. La organizaci&#xF3;n de los medios de transporte - 4. La pol&#xED;tica y monetaria desde Caseros hasta la ley de 1881 - 5. El comercio exterior en el per&#xED;odo 1861-80  -- Tercera Parte: EL PERIODO DE INSTALACI&#xD3;N DEL FRIGORIFICO: 1880-99: 1. Desarrollo de las industrias agropecuarias - 2. Industrias derivadas de las agropecuarias - 3. La miner&#xED;a - 4. La colonizaci&#xF3;n y el problema de la tierra - 5. La poblaci&#xF3;n en la &#xFA;ltima decena del siglo XIX - 6. Desenvolvimiento de los transportes - 7. Pol&#xED;tica financiera en el per&#xED;odo 1880-99 - 8. El comercio exterior en el per&#xED;odo 1880-99.
Vol. II. Cuarta Parte: 1. La expansi&#xF3;n de los establecimientos frigor&#xED;ficos - 2. Aspectos complementarios de la ubicaci&#xF3;n y expansi&#xF3;n del frigor&#xED;fico - 3. La ganader&#xED;a - 4. La agricultura - 5. Industrias derivadas de la agricultura - 6. La miner&#xED;a - 7. La poblaci&#xF3;n - 8. La industria manufacturera - 9. Los medios de transporte - 10. La pol&#xED;tica financiera - 11. Desarrollo del comercio exterior.</subfield>
  </datafield>
  <datafield tag="942" ind1=" " ind2=" ">
    <subfield code="c">BK</subfield>
  </datafield>
  <datafield tag="590" ind1=" " ind2=" ">
    <subfield code="a">niveau_biblio:m niveau_hierar:0</subfield>
  </datafield>
  <datafield tag="100" ind1="1" ind2=" ">
    <subfield code="a">Ortiz, Ricardo M.</subfield>
  </datafield>
  <datafield tag="999" ind1=" " ind2=" ">
    <subfield code="c">4712</subfield>
    <subfield code="d">4712</subfield>
  </datafield>
  <datafield tag="952" ind1=" " ind2=" ">
    <subfield code="0">0</subfield>
    <subfield code="1">0</subfield>
    <subfield code="4">0</subfield>
    <subfield code="7">0</subfield>
    <subfield code="a">BCEJYS</subfield>
    <subfield code="b">BCEJYS</subfield>
    <subfield code="c">16</subfield>
    <subfield code="d">2026-04-07</subfield>
    <subfield code="l">0</subfield>
    <subfield code="o">94(82):33 O77 v.1</subfield>
    <subfield code="p">L23505</subfield>
    <subfield code="r">2026-04-07 15:57:53</subfield>
    <subfield code="w">2026-04-07</subfield>
    <subfield code="y">L</subfield>
  </datafield>
  <datafield tag="952" ind1=" " ind2=" ">
    <subfield code="0">0</subfield>
    <subfield code="1">0</subfield>
    <subfield code="4">0</subfield>
    <subfield code="7">0</subfield>
    <subfield code="a">BCEJYS</subfield>
    <subfield code="b">BCEJYS</subfield>
    <subfield code="c">16</subfield>
    <subfield code="d">2026-04-07</subfield>
    <subfield code="l">0</subfield>
    <subfield code="o">94(82):33 O77 v.2</subfield>
    <subfield code="p">L23506</subfield>
    <subfield code="r">2026-04-07 15:57:53</subfield>
    <subfield code="w">2026-04-07</subfield>
    <subfield code="y">L</subfield>
  </datafield>
</record>
